LIBRARY ONLINE CATALOGUE

Introduction to Forests and Renewable Resources (Record no. 17343)

MARC details
000 -LEADER
fixed length control field 00359nam a22001337a 4500
008 - FIXED-LENGTH DATA ELEMENTS--GENERAL INFORMATION
fixed length control field 181023b xxu||||| |||| 00| 0 eng d
020 ## - INTERNATIONAL STANDARD BOOK NUMBER
International Standard Book Number 9384007270
050 ## - LIBRARY OF CONGRESS CALL NUMBER
Classification number SD373
Item number .H46 2012 c.1
100 ## - MAIN ENTRY--PERSONAL NAME
Personal name Hendee, John C.
245 ## - TITLE STATEMENT
Title Introduction to Forests and Renewable Resources
Statement of responsibility, etc. John C. Hendee
250 ## - EDITION STATEMENT
Edition statement 7th ed.
300 ## - PHYSICAL DESCRIPTION
Extent xv, 480p.
942 ## - ADDED ENTRY ELEMENTS (KOHA)
Source of classification or shelving scheme Library of Congress Classification
Koha item type General Collection
Holdings
Withdrawn status Lost status Source of classification or shelving scheme Not for loan Home library Current library Date acquired Cost, normal purchase price Total Checkouts Full call number Barcode Date last seen Price effective from Koha item type
    Library of Congress Classification   Kabarak, Main Campus Kabarak, Main Campus 23/10/2018 4995.00   SD373 .H46 2012 c.1 024580 23/10/2018 23/10/2018 General Collection